LEADER 05126nam 22008295 450 001 9910484753003321 005 20251226203940.0 010 $a1-280-38546-4 010 $a9786613563385 010 $a3-642-11409-1 024 7 $a10.1007/978-3-642-11409-0 035 $a(CKB)1000000000812683 035 $a(SSID)ssj0000355516 035 $a(PQKBManifestationID)11233500 035 $a(PQKBTitleCode)TC0000355516 035 $a(PQKBWorkID)10320433 035 $a(PQKB)11785138 035 $a(DE-He213)978-3-642-11409-0 035 $a(MiAaPQ)EBC3064900 035 $a(PPN)149054904 035 $a(EXLCZ)991000000000812683 100 $a20100301d2010 u| 0 101 0 $aeng 135 $aurnn|008mamaa 181 $ctxt 182 $cc 183 $acr 200 10$aGraph-Theoretic Concepts in Computer Science $e35th International Workshop, WG 2009, Montpellier, France, June 24-26, 2009, Revised Papers /$fedited by Christophe Paul, Michel Habib 205 $a1st ed. 2010. 210 1$aBerlin, Heidelberg :$cSpringer Berlin Heidelberg :$cImprint: Springer,$d2010. 215 $a1 online resource (XIII, 353 p.) 225 1 $aTheoretical Computer Science and General Issues,$x2512-2029 ;$v5911 300 $aBibliographic Level Mode of Issuance: Monograph 311 08$a3-642-11408-3 320 $aIncludes bibliographical references and index. 327 $aGraph-Theoretic Solutions to Computational Geometry Problems -- Algorithms for Classes of Graphs with Bounded Expansion -- A Graph Polynomial Arising from Community Structure (Extended Abstract) -- Fast Exact Algorithms for Hamiltonicity in Claw-Free Graphs -- Maximum Series-Parallel Subgraph -- Low-Port Tree Representations -- Fully Dynamic Representations of Interval Graphs -- The Parameterized Complexity of Some Minimum Label Problems -- Exact and Parameterized Algorithms for Max Internal Spanning Tree -- An Exact Algorithm for Minimum Distortion Embedding -- Sub-coloring and Hypo-coloring Interval Graphs -- Parameterized Complexity of Generalized Domination Problems -- Connected Feedback Vertex Set in Planar Graphs -- Logical Locality Entails Frugal Distributed Computation over Graphs (Extended Abstract) -- On Module-Composed Graphs -- An Even Simpler Linear-Time Algorithm for Verifying Minimum Spanning Trees -- The k-Disjoint Paths Problem on Chordal Graphs -- Local Algorithms for Edge Colorings in UDGs -- Directed Rank-Width and Displit Decomposition -- An Algorithmic Study of Switch Graphs -- Hardness Results and Efficient Algorithms for Graph Powers -- Graph Partitioning and Traffic Grooming with Bounded Degree Request Graph -- Injective Oriented Colourings -- Chordal Digraphs -- A New Intersection Model and Improved Algorithms for Tolerance Graphs -- Counting the Number of Matchings in Chordal and Chordal Bipartite Graph Classes -- Distance d-Domination Games -- Cycles, Paths, Connectivity and Diameter in Distance Graphs -- Smallest Odd Holes in Claw-Free Graphs (Extended Abstract) -- Finding Induced Paths of Given Parity in Claw-Free Graphs. 330 $aThis book constitutes the thoroughly refereed post-conference proceedings of the 35th International Workshop on Graph-Theoretic Concepts in Computer Science, WG 2009, held in Montpellier, France, in June 2009. The 28 revised full papers presented together with two invited papers were carefully reviewed and selected from 69 submissions. The papers feature original results on all aspects of graph-theoretic concepts in Computer Science, e.g. structural graph theory, sequential, parallel, and distributed graph and network algorithms and their complexity, graph grammars and graph rewriting systems, graph-based modeling, graph-drawing and layout, diagram methods, and support of these concepts by suitable implementations. 410 0$aTheoretical Computer Science and General Issues,$x2512-2029 ;$v5911 606 $aComputer science$xMathematics 606 $aDiscrete mathematics 606 $aGeometry 606 $aAlgorithms 606 $aArtificial intelligence$xData processing 606 $aDiscrete Mathematics in Computer Science 606 $aGeometry 606 $aAlgorithms 606 $aSymbolic and Algebraic Manipulation 606 $aData Science 615 0$aComputer science$xMathematics. 615 0$aDiscrete mathematics. 615 0$aGeometry. 615 0$aAlgorithms. 615 0$aArtificial intelligence$xData processing. 615 14$aDiscrete Mathematics in Computer Science. 615 24$aGeometry. 615 24$aAlgorithms. 615 24$aSymbolic and Algebraic Manipulation. 615 24$aData Science. 676 $a004.015115 686 $aDAT 537f$2stub 686 $aMAT 055f$2stub 686 $aSS 4800$2rvk 701 $aPaul$b Christophe$0159742 701 $aHabib$b M$g(Michel)$01755834 712 12$aInternational Workshop WG 801 0$bMiAaPQ 801 1$bMiAaPQ 801 2$bMiAaPQ 906 $aBOOK 912 $a9910484753003321 996 $aGraph-theoretic concepts in computer science$94192797 997 $aUNINA LEADER 04017oam 2200841 n 450 001 9910340851003321 005 20250709210622.0 010 $a9782753568082 010 $a2753568081 024 7 $a10.4000/books.pur.121533 035 $a(CKB)4100000009276971 035 $a(FrMaCLE)OB-pur-121533 035 $a(oapen)https://directory.doabooks.org/handle/20.500.12854/55942 035 $a(PPN)267960808 035 $a(FR-PaCSA)88925225 035 $a(FRCYB88925225)88925225 035 $a(oapen)doab55942 035 $a(EXLCZ)994100000009276971 100 $a20190916j2019|||| ||| 0 101 0 $afre 135 $auu||||||m|||| 181 $ctxt$2rdacontent 182 $cc$2rdamedia 183 $acr$2rdacarrier 200 10$aPenser et vivre l?honneur à l?époque moderne /$fHervé Drévillon, Diego Venturino 210 $aRennes$cPresses universitaires de Rennes$d2019 215 $a1 online resource (388 p.) 311 1 $a9782753513907 311 1 $a2753513902 330 $aRecevoir un capital d?honneur par le sang, l?acquérir par son mérite et sa vertu, le défendre au risque de sa vie : sous l?Ancien Régime, aucun sentiment social n?est aussi enraciné et impérieux que l?honneur. Le « tout est perdu, fors l?honneur » de François Ier inaugure le premier siècle de la modernité et trouve son prolongement dans L?Esprit des lois, qui fait de l?honneur le principe du gouvernement monarchique. La République elle-même n?a-t-elle pas reconnu la puissance de ce sentiment en dotant chaque citoyen d?une dignité inaliénable ? Que ce soit le bretteur invétéré ou le bourgeois vétilleux, l?artisan ou le prince de l?Église, la communauté villageoise ou le parlement, les individus et les corps se parent de leur honneur comme de leur ornement le plus précieux. Tenu à l?université de Metz en novembre 2008, ce colloque a permis de révéler l?honneur dans toute la diversité de ses manifestations et de ses enjeux pour une histoire sociale, mais aussi politique, culturelle et intellectuelle de l?Europe moderne. L?honneur constitue une clef pour pénétrer dans la conscience collective et dans l?auto-représentation de l?ensemble des différentes fractions de la société, mais aussi dans l?infinie diversité des trajectoires individuelles. 606 $aHistory 606 $ahistoire des mentalités 606 $ahonneur 606 $ahistoire des représentations 606 $aAncien Régime 610 $aAncien Régime 610 $ahistoire des mentalités 610 $ahonneur 610 $ahistoire des représentations 615 4$aHistory 615 4$ahistoire des mentalités 615 4$ahonneur 615 4$ahistoire des représentations 615 4$aAncien Régime 700 $aBelissa$b Marc$0167191 701 $aBell$b David A$0120828 701 $aBlanquie$b Christophe$01293575 701 $aCavina$b Marco$0231397 701 $aChatelain$b Claire$01298805 701 $aCoester$b Christiane$0896908 701 $aCojannot-Le Blanc$b Marianne$01025814 701 $aDescimon$b Robert$0163991 701 $aDiedler$b Jean-Claude$01281945 701 $aDrévillon$b Hervé$01288496 701 $aFerrari$b Nathalie$01355045 701 $aGall$b Jean-Marie Le$01292624 701 $aGodineau$b Dominique$0322216 701 $aHalévi$b Ran$0423520 701 $aJouanna$b Arlette$0167196 701 $aMartÍnez$b Adolfo Carrasco$01355046 701 $aMotta$b Anne$01322024 701 $aNagle$b Jean$01355047 701 $aNassiet$b Michel$01288524 701 $aRoussel$b Diane$01314569 701 $aRoux$b Nicolas Le$01289085 701 $aSpector$b Céline$0610759 701 $aSpina$b Olivier$01355048 701 $aVenturino$b Diego$0163876 801 0$bFR-FrMaCLE 906 $aBOOK 912 $a9910340851003321 996 $aPenser et vivre l?honneur à l?époque moderne$93389131 997 $aUNINA